000 00364 a2200157 4500
001 57293
020 _a8516030954
040 _cAnchieta - Pituba
100 _aLeite, Maristela Pretili de Almeida
240 1 0 _aOs rios morrem de sede
_lpor
245 1 0 _aOs rios morrem de sede
300 _a47
362 0 _a2002
650 4 _aLiteratura juvenil
942 _cBK
999 _c57293
_d57293